লৌকিক সংস্কার ও মানব-সমাজ / (Record no. 40333)
[ view plain ]
| 000 -LEADER | |
|---|---|
| fixed length control field | 00868nam a2200241 a 4500 |
| 001 - CONTROL NUMBER | |
| control field | 40333 |
| 003 - CONTROL NUMBER IDENTIFIER | |
| rucl marc code | BD-RjUL |
| 005 - DATE AND TIME OF LATEST TRANSACTION | |
| control field | 20211209053208.0 |
| 008 - FIXED-LENGTH DATA ELEMENTS--GENERAL INFORMATION | |
| fixed length control field | 160428s1975 ii ||||| |||| 001 0 ben d |
| 020 ## - INTERNATIONAL STANDARD BOOK NUMBER | |
| Terms of availability | : IRs. 14.00 |
| 035 ## - SYSTEM CONTROL NUMBER | |
| System control number | (BD-RjUL) 40448 |
| 040 ## - CATALOGING SOURCE | |
| Original cataloging agency | BD-RjUL |
| Language of cataloging | ben |
| Transcribing agency | BD-RjUL |
| 041 ## - LANGUAGE CODE | |
| Language code of text/sound track or separate title | ben |
| 082 ## - DEWEY DECIMAL CLASSIFICATION NUMBER | |
| Edition number | 23 |
| Classification number | 398.0954 |
| Author mark and year | HAL 1975 |
| 100 ## - MAIN ENTRY--PERSONAL NAME | |
| Personal name | হাফিজ, আবদুল |
| 9 (RLIN) | 124257 |
| 245 10 - TITLE STATEMENT | |
| Title | লৌকিক সংস্কার ও মানব-সমাজ / |
| Statement of responsibility, etc. | আবদুল হাফিজ |
| 260 ## - PUBLICATION, DISTRIBUTION, ETC. (IMPRINT) | |
| Place of publication, distribution, etc. | কলিকাতা : |
| Name of publisher, distributor, etc. | মুক্তধারা, |
| Date of publication, distribution, etc. | ১৯৭৫ |
| 300 ## - PHYSICAL DESCRIPTION | |
| Pagination | [২], ১৮২ পৃ. ; |
| Size | ২১ সেমি. |
| 500 ## - GENERAL NOTE | |
| General note | নির্ঘণ্ট সংযুক্ত |
| 650 ## - SUBJECT ADDED ENTRY--TOPICAL TERM | |
| Topical term or geographic name as entry element | লোকাচারবিদ্যা |
| Geographic subdivision | ভারত |
| 9 (RLIN) | 124258 |
| Topical term or geographic name as entry element | Folklore |
| Geographic subdivision | India |
| 9 (RLIN) | 117704 |
| 942 ## - ADDED ENTRY ELEMENTS (KOHA) | |
| Source of classification or shelving scheme | Dewey Decimal Classification |
| Koha item type | Books |
| Lost status | Source of classification or shelving scheme | Damaged status | Not for loan | Collection code | Permanent Location | Current Location | Shelving location | Date acquired | Source of acquisition | Cost, normal purchase price | Total Checkouts | Full call number | Checked out | Date last seen | Date checked out | Copy number | Koha item type |
|---|---|---|---|---|---|---|---|---|---|---|---|---|---|---|---|---|---|
| Dewey Decimal Classification | Non-fiction | Central Library, University of Rajshahi | Central Library, University of Rajshahi | 29/06/1981 | Eureka Book Agency, Rajshahi | 14.00 | 3 | B 398.0954 HAL 1975 | 08/06/2026 | 13/05/2026 | 13/05/2026 | C-2 | Books | ||||
| Dewey Decimal Classification | Not For Loan | Non-fiction | Central Library, University of Rajshahi | Central Library, University of Rajshahi | Reading Room | 08/03/1977 | Euroca Book Agency | 14.00 | 398.0954 HAL 1975 | 31/12/2020 | C-1 | Books |